Statistics for Countries That Have At Least One Andorra Embassy Outside of Andorra

Click here to take the quiz!

General Stats

  • This quiz has been taken 12 times
  • The average score is 6 of 7

Answer Stats

Countries% Correct
France
100%
Spain
100%
United Kingdom
100%
United States
100%
Portugal
92%
Belgium
75%
Austria
50%

Score Distribution

Percentile by Number Answered

Percent of People with Each Score

Your Score History

You have not taken this quiz